A Korunk rangjáért

Elmentve itt :
Bibliográfiai részletek
Szerző: KÁNTOR Lajos
Adatforrás:Meister
Forrásdokumentuma:A Hét. -
6 sz., 1990, 7 p.
Nyelv:magyar
Kulcsszavak:sajtótörténet
sajtó
Korunk
LEADER 00352nab a2200145 i 4500
001 bibPRO00003243
008 060524s1990 xx hun
040 |a Sz1 
041 |a hun 
100 1 |a KÁNTOR Lajos 
245 1 2 |a A Korunk rangjáért  |c KÁNTOR Lajos 
695 |a sajtótörténet 
695 |a sajtó 
695 |a Korunk 
773 0 |t A Hét. -  |g 6 sz., 1990, 7 p.